000 00845cam a2200229 4500
008 000000n1999 000 0 eng u
020 _a1899769137
035 _a(Sirsi) u103496
050 _a306.9
100 _aMcGill, Greg
245 _aDwellings in rural areas: The effect of the plan-led system on rural housing.
260 _aReading
_bCollege of Estate Management
_c1999
300 _aix, 71p. ; 30cm.
350 _a35.00
520 _aThis study looks at the effects the introduction of the plan-led system has had on rural housing. It examines the decisions on all housing applications of a small sample of rural planning authorities and reports the findings.
650 _aRURAL HOUSING
650 _aRURAL COMMUNITIES
650 _aPLANNING
650 _aHOUSING DEMAND
690 _aHOUSING-DEVELOPMENT
942 _n0
999 _c100135
_d100135